Consumo dei media (Il). Un approccio etnografico (Record n. 93924)
[ formato base ]
| 000 -LEADER | |
|---|---|
| fixed length control field | 01984nam a2200313Ia 4500 |
| 001 - CONTROL NUMBER | |
| control field | F1971 |
| 003 - CONTROL NUMBER IDENTIFIER | |
| control field | IT-RoPAU |
| 008 - FIXED-LENGTH DATA ELEMENTS--GENERAL INFORMATION | |
| fixed length control field | 130308s9999 xx 000 0 und d |
| 040 ## - CATALOGING SOURCE | |
| Original cataloging agency | IT-RoPAU |
| 040 ## - CATALOGING SOURCE | |
| Transcribing agency | IT-RoPAU |
| 041 ## - LANGUAGE CODE | |
| Language code of text/sound track or separate title | ITALIANO |
| 100 ## - MAIN ENTRY--PERSONAL NAME | |
| Personal name | Moores Shaun |
| 100 ## - MAIN ENTRY--PERSONAL NAME | |
| Miscellaneous information | Codice Aut. SPICS: 38331 |
| 240 ## - UNIFORM TITLE | |
| Uniform title | INTERPRETING AUDIENCES. THE ETHNOGRAPHY OF MEDIA CONSUMPTION |
| 240 ## - UNIFORM TITLE | |
| Miscellaneous information | Codice Tit. Orig. Spics: D4970 |
| 245 ## - TITLE STATEMENT | |
| Title | Consumo dei media (Il). Un approccio etnografico |
| 245 ## - TITLE STATEMENT | |
| Remainder of title | Consumo dei Media (Il). Un Approccio Etnografico |
| 250 ## - EDITION STATEMENT | |
| Edition statement | 1a ed. |
| 260 ## - PUBLICATION, DISTRIBUTION, ETC. (IMPRINT) | |
| Place of publication, distribution, etc. | BOLOGNA |
| 260 ## - PUBLICATION, DISTRIBUTION, ETC. (IMPRINT) | |
| Name of publisher, distributor, etc. | Il Mulino |
| 260 ## - PUBLICATION, DISTRIBUTION, ETC. (IMPRINT) | |
| Date of publication, distribution, etc. | 1998 [1° Ed.:1998 - Ed.Ling.Originale:1993] |
| 300 ## - PHYSICAL DESCRIPTION | |
| Extent | "268 p. (prefazione: no ; testo: 268 [pagine: 0-0])" |
| 500 ## - GENERAL NOTE | |
| General note | Approccio Ai Pubblici: Definizione di Pubblico, Etnografia Come Metodo D'Indagine Culturale. Ideologia, Soggettività e Decodificazione: Modello di codificazione Decodificazione, Determinismo Testuale della Teoria di Screen, Rapporti testo Lettore in Nationwide, Interpretazione dei Notiziari e cronache Televisive, Riformulazioni dell'Etnografia del Pubblico. Gusto, Contesto e Pratica Etnografica: Verso un'antropologia del consumo Quotidiano, Genere e Contesto, Rapporti di Potere e consumo Televisivo nella sfera Familiare, Bambini e Televisione, Etnografia e Politica della Ricerca. Media, tecnologia e Vita Domestica: Rapporto tra tecnologia e Società, Radio e Formazione di un Pubblico Familiare, televisioni Videoregistratori Computer e Telefoni, progetto Hict, Televisione Satellitare Come Segno Culturale. Sul consumo Culturale: Sociologia del gusto di Bourdieu, Modelli di Segmentazionedel Mercato, De Certeau e le Tattiche della resistenza Popolare, Stile Significato e Sottocultura Giovanile, Creatività e costrizioni nella Vita Quotidiana. Riferimenti Bibliografici. |
| 650 ## - SUBJECT ADDED ENTRY--TOPICAL TERM | |
| Topical term or geographic name as entry element | TEORICHE TELEVISIVE |
| 650 ## - SUBJECT ADDED ENTRY--TOPICAL TERM | |
| Relator term | Codice materia Spics: 6955 |
| 942 ## - ADDED ENTRY ELEMENTS (KOHA) | |
| Koha item type | LIBRO |
| 957 ## - | |
| -- | 1 |
| 999 ## - SYSTEM CONTROL NUMBERS (KOHA) | |
| -- | 1 |
| Withdrawn status | Lost status | Damaged status | Not for loan | Home library | Current library | Date acquired | Total Checkouts | Full call number | Date last seen | Price effective from | Koha item type | Public note |
|---|---|---|---|---|---|---|---|---|---|---|---|---|
| Buone Condizioni | Not For Loan | SPICS-MEDIATECA | SPICS-MEDIATECA | 08/03/2013 | F1971 | 08/03/2013 | 08/03/2013 | LIBRO | Progressivo inserimento: 44030 / N. Volumi: 1 Copie: 1 / data import: 1 marzo 2013 - By Epidotti, Trombetti, Vaglietti. |